书目信息 |
| 题名: |
创意战争
|
|
| 作者: | 陈放 , 武力 著 | |
| 分册: | ||
| 出版信息: | 北京 中国经济出版社 2009 |
|
| 页数: | 269页 | |
| 开本: | 24cm | |
| 丛书名: | ||
| 单 册: | ||
| 中图分类: | G114 | |
| 科图分类: | ||
| 主题词: | 文化--产业--研究 , 文化 , 产业 | |
| 电子资源: | ||
| ISBN: | 978-7-5017-9129-3 | |
| 000 | 01059nam0 2200289 45 | |
| 001 | 1032987203 | |
| 005 | 20100408162946.65 | |
| 010 | @a978-7-5017-9129-3@dCNY39.00 | |
| 100 | @a20100331d2009 em y0chiy50 ea | |
| 101 | 0 | @achi |
| 102 | @aCN@b110000 | |
| 105 | @aa z 000yy | |
| 106 | @ar | |
| 200 | 1 | @a创意战争@AChuang Yi Zhan Zheng@dThe war on creativity@e新一轮世界大战即将爆发@EXin Yi Lun Shi Jie Da Zhan Ji Jiang Bao Fa@f陈放,武力著@FChen Fang, Wu Li Zhu@zeng |
| 210 | @a北京@c中国经济出版社@d2009 | |
| 215 | @a269页@c图,照片@d24cm | |
| 330 | @a本书分别从远古时代,文艺复兴时期,欧洲工业革命——第一次世界大战,第二次世界大战等几个重要历史时期深刻追踪创意的发展轨迹。 | |
| 510 | 1 | @aWar on creativity@zeng |
| 517 | 1 | @a新一轮世界大战即将爆发@AXin Yi Lun Shi Jie Da Zhan Ji Jiang Bao Fa |
| 606 | 0 | @a文化@x产业@x研究 |
| 606 | 0 | @a文化 |
| 606 | 0 | @a产业 |
| 690 | @aG114@v4 | |
| 701 | 0 | @a陈放@AChen Fang@c(营销策划)@4著 |
| 701 | 0 | @a武力@AWu Li@f(1963~)@4著 |
| 801 | 0 | @aCN@bTANGWEI@c20100408 |
| 905 | @b0587116-20@dG114@e14@f5 | |
| 创意战争=The war on creativity:新一轮世界大战即将爆发/陈放,武力著.-北京:中国经济出版社,2009 |
| 269页:图,照片;24cm |
| ISBN 978-7-5017-9129-3:CNY39.00 |
| 本书分别从远古时代,文艺复兴时期,欧洲工业革命——第一次世界大战,第二次世界大战等几个重要历史时期深刻追踪创意的发展轨迹。 |
| ● |
| 相关链接 |
|
|
|
|
正题名:创意战争
索取号:G114/14
 
预约/预借
| 序号 | 登录号 | 条形码 | 馆藏地/架位号 | 状态 | 备注 |
| 1 | 0587116 | 205871163 | 第一样本阅览室/ [索取号:G114/14] | 在馆 | |
| 2 | 0587117 | 205871172 | 第四借阅区/ [索取号:G114/14] | 在馆 | |
| 3 | 0587118 | 205871181 | 第四借阅区/ [索取号:G114/14] | 在馆 | |
| 4 | 0587119 | 205871190 | 第四借阅区/ [索取号:G114/14] | 在馆 | |
| 5 | 0587120 | 205871207 | 第四借阅区/ [索取号:G114/14] | 在馆 |